01015cam a22002771 4500001001300000003000400013005001700017008004100034010001700075035001900092040002100111042001200132043001200144050002200156100004100178245010200219260004800321300007700369490004200446500007500488500002400563500002900587504003200616650004800648650004100696gs 45000046 DLC20260227111350.0800812s19381942dcub b f000 0 eng  ags 45000046  a(OCoLC)6610798 aDLCcICharEdDLC apremarc an-us-ok00aQE75b.B9 no. 9001 aBass, N. Woodq(Nathan Wood),d1893-10aSubsurface geology and oil and gas resources of Osage county, Oklahoma,cby N.W. Bass and others. aWashington,bU.S. Govt. Print. Off.,c1942. a11 v. in 1billus., plates (part fold.) maps (part fold.) tablesc23 cm.0 aU.S. Geological survey. Bulletin 900. aAt head of title: United States Dept. of interior...Geological survey. aPaged continuously. aIssued in parts 1938-42. aBibliographical foot-notes. 0aPetroleumxGeologyzOklahomazOsage County. 0aNatural gaszOklahomazOsage County.